000 00694cam a22002413a 4500
001 28803
003 PGUSA
005 20140828083625.0
008 090514s2009||||xxu|||||s|||||000 | eng d
040 _aPGUSA
_beng
042 _adc
050 4 _aPS
100 1 _aTwain, Mark,
_d1835-1910
245 1 4 _aThe Works Of Mark Twain :
_bAn Index of all Project Gutenberg Editions
_h[electronic resource] /
_cMark Twain
260 _bProject Gutenberg,
_c2009
506 _aPublic domain in the USA.
516 _aElectronic text
653 _aIndexes
700 1 _aWidger, David,
_d1932-
830 0 _aProject Gutenberg
_v28803
856 4 0 _uhttp://www.gutenberg.org/ebooks/28803
942 _cEB
999 _c258058
_d258058